| 000 | 00412nam a2200157Ia 4500 | ||
|---|---|---|---|
| 003 | 0 | ||
| 005 | 20260121161439.0 | ||
| 008 | 180309s9999 xx 000 0 und d | ||
| 020 | _a9715690238 | ||
| 100 | _aLee, Queena | ||
| 245 |
_aWhy be afraid of math? / _band other intellectual adventures |
||
| 260 |
_aMakati City : _bBookmark _c1991 |
||
| 300 | _av, 185 pages | ||
| 650 | _aMathematics. | ||
| 942 |
_2lcc _cBK |
||
| 999 |
_c356112 _d356112 |
||